000 00807cam a2200229 4500
001 X108514
008 000000n2000 000 0 eng u
035 _a(Sirsi) u108504
100 _aMosey, D.
245 _aSetting a new standard
260 _c2000
490 _aBuilding
_v265(8152) 8 September 2000, 65(1)
520 _aProvides an overview of the first standard project partnering contract (PPC 2000) which was launched on 14 September 2000. PPC is intended to be a multiparty document governing the whole procurement process.
650 _aPPC 2000
650 _aPROJECT PARTNERING CONTRACT
650 _aMANAGEMENT-BUSINESS MANAGEMENT-PROCUREMENT
650 _aCONSTRUCTION PROCUREMENT
650 _aEGAN REFORMS
650 _aPARTNERING
690 _aProcurement
_96260
942 _n0
999 _c64787
_d64787